Die jüdische Gemeinde von Elephantine und ihre Beziehungen zum Alten Testament

Saved in:  
Bibliographic Details
Main Author: Jirku, Anton 1885-1972 (Author)
Format: Print Book
Language:German
Subito Delivery Service: Order now.
Check availability: HBZ Gateway
WorldCat: WorldCat
Interlibrary Loan:Interlibrary Loan for the Fachinformationsdienste (Specialized Information Services in Germany)
Published: Gr. Lichterfelde-Berlin Runge 1912
In: Biblische Zeit- und Streitfragen (7,11)
Year: 1912
Series/Journal:Biblische Zeit- und Streitfragen 7,11
Standardized Subjects / Keyword chains:B Elephantine / Jewish community / Old Testament
B Bible / Theology / Exegesis / Biblical studies
RelBib Classification:BH Judaism
Further subjects:B Jews (Egypt) (Elephantine)
B Jews History To 70 A.D
B Jews Antiquities
Sammlungen:

MARC

LEADER 00000cam a2200000 c 4500
001 363233598
003 DE-627
005 20251223202129.0
007 tu
008 030514s1912 xx ||||| 00| ||ger c
035 |a (DE-627)363233598 
035 |a (DE-576)9363233596 
035 |a (DE-599)GBV363233598 
035 |a (OCoLC)249050760 
040 |a DE-627  |b ger  |c DE-627  |e rakwb 
041 |a ger 
044 |c XA-DXDE 
050 0 |a BM170 
050 0 |a DS121.5 
082 0 |a 296.0932 
082 0 |a 916.23 
084 |a 0  |2 ssgn 
084 |a BD 2700  |2 rvk  |0 (DE-625)rvk/9891: 
084 |a 11.38  |2 bkl 
084 |a 15.96  |2 bkl 
084 |a 15.26  |2 bkl 
084 |a 11.48  |2 bkl 
100 1 |0 (DE-588)137726228  |0 (DE-627)595585868  |0 (DE-576)161591698  |4 aut  |a Jirku, Anton  |d 1885-1972 
109 |a Jirku, Anton 1885-1972  |a Jirku, A. 1885-1972  |a Jirku, Anton Viktor Richard 1885-1972 
245 1 4 |a Die jüdische Gemeinde von Elephantine und ihre Beziehungen zum Alten Testament  |c Anton Jirku 
264 1 |a Gr. Lichterfelde-Berlin  |b Runge  |c 1912 
300 |a 32 S. 
336 |a Text  |b txt  |2 rdacontent 
337 |a ohne Hilfsmittel zu benutzen  |b n  |2 rdamedia 
338 |a Band  |b nc  |2 rdacarrier 
361 1 |5 DE-23  |y 601315251  |s Wa 12027  |o Vorbesitz  |a Matthes, Paul  |0 (DE-588)1322944504  |0 (DE-627)1882997956  |f Autogramm 
490 1 |a Biblische Zeit- und Streitfragen  |v Ser. 7, H. 11 
583 1 |a Archivierung prüfen  |c 20240324  |f DE-4165  |z 1  |2 pdager 
601 |a Gemeinde 
601 |a Testament 
650 0 |a Jews  |z Egypt  |z Elephantine 
650 0 |a Jews  |x Antiquities 
650 0 |a Jews  |x History  |y To 70 A.D 
652 |a BH 
689 0 0 |d g  |0 (DE-588)4014421-5  |0 (DE-627)106340336  |0 (DE-576)208907610  |2 gnd  |a Elephantine 
689 0 1 |d s  |0 (DE-588)4162805-6  |0 (DE-627)104261986  |0 (DE-576)209876328  |2 gnd  |a Jüdische Gemeinde 
689 0 2 |d u  |0 (DE-588)4001515-4  |0 (DE-627)104603666  |0 (DE-576)208843116  |a Bibel  |2 gnd  |p Altes Testament 
689 0 |5 (DE-627) 
689 1 0 |d u  |0 (DE-588)4006406-2  |0 (DE-627)106377604  |0 (DE-576)208865497  |a Bibel  |q ARK  |2 gnd 
689 1 1 |d s  |0 (DE-588)4059758-1  |0 (DE-627)104131446  |0 (DE-576)209132159  |2 gnd  |a Theologie 
689 1 2 |d s  |0 (DE-588)4015950-4  |0 (DE-627)104675314  |0 (DE-576)20891434X  |2 gnd  |a Exegese 
689 1 3 |d s  |0 (DE-588)4135180-0  |0 (DE-627)105667005  |0 (DE-576)209658614  |2 gnd  |a Bibelwissenschaft 
689 1 |5 (DE-627) 
830 0 |a Biblische Zeit- und Streitfragen  |v 7,11  |9 711  |w (DE-627)168771586  |w (DE-576)022660704  |w (DE-600)845774-8  |7 am 
935 |a FRST  |a mteo  |a JALB 
936 r v |a BD 2700  |b Geschichte, Archäologie  |k Theologie und Religionswissenschaften  |k Judaistik  |k Religions- und Kulturgeschichte der Juden  |k Frühes Judentum (bis ca. 70 n. Chr.)  |k Geschichte, Archäologie  |0 (DE-627)1270714821  |0 (DE-625)rvk/9891:  |0 (DE-576)200714821 
936 b k |a 11.38  |j Altes Testament  |0 (DE-627)10640427X 
936 b k |a 15.96  |j Geschichte des jüdischen Volkes außerhalb des Staates Israel  |0 (DE-627)106404660 
936 b k |a 15.26  |j Alter Orient  |j Nordafrika  |x Alte Geschichte  |0 (DE-627)181571021 
936 b k |a 11.48  |j Kulturgeschichtlicher Hintergrund  |x Neues Testament  |q ARK  |0 (DE-627)106404229 
951 |a BO 
BIB |a 1 
ELC |b 1 
LOK |0 000 xxxxxcx a22 zn 4500 
LOK |0 001 4383992692 
LOK |0 003 DE-627 
LOK |0 004 363233598 
LOK |0 005 20240915080541 
LOK |0 008 231011||||||||||||||||ger||||||| 
LOK |0 040   |a DE-Tue135  |c DE-627  |d DE-Tue135 
LOK |0 092   |o n 
LOK |0 852   |a DE-Tue135 
LOK |0 852 1  |9 00 
LOK |0 866   |x SPQUE#Bibliothek der Franckeschen Stiftungen#SPSAM#Bibliothek Walter Beltz#SPSYS#belt_systematik_Rc 
LOK |0 866   |x SPQUE#Johannes a Lasco Bibliothek 
LOK |0 935   |a FRST  |a belt  |a JALB 
LOK |0 936ln  |0 1442043520  |a BH 
LOK |0 939   |a 11-10-23  |b l01 
ORI |a SA-MARC-ixtheoa001.raw 
REF |a Alttestamentliche Theologie,Alttestamentliche Wissenschaft 
REL |a 1 
STA 0 0 |a Bible,Biblical studies,Exegesis,Jewish community,Jewish congregation,Theology,Theology 
STB 0 0 |a Communauté juive,Exégèse,Science biblique,Théologie,Théologie 
STC 0 0 |a Comunidad judía,Exegesis,Teología,Teología 
STD 0 0 |a Comunità ebraica,Esegesi,Esegesi biblica,Teologia,Teologia 
STE 0 0 |a 圣经研究,注释,诠释,解经,犹太小区,犹太社群,神学家 
STF 0 0 |a 注釋,詮釋,解經,猶太社區,猶太社群,神學家,聖經研究 
STG 0 0 |a Comunidade judaica,Exegese,Teologia,Teologia 
STH 0 0 |a Библеистика,Богословие (мотив),Богословие,Иудейская община,Экзегетика 
STI 0 0 |a Βιβλική ερμηνεία,Εβραϊκή κοινότητα,Εξηγητική,Ερμηνευτική,Θεολογία (μοτίβο),Θεολογία 
SUB |a BIB  |a REL 
SYG 0 0 |a Jebu,Abu,Jeb , Israelitische Gemeinde,Judentum,Gemeinde,Synagoge,Juden , Hebrew Bible, critical edition,HBCE,Oxford Hebrew Bible,Biblia Hebraica quinta,BHQ,Biblia Hebraica,Biblia Hebraica,Hebräische Bibel,Septuaginta,Septuagint,Masoretentext,Massoretentext,Masoretischer Text,Altes Testament,Tenach,Testamentum vetus,Vetus testamentum,Erstes Testament,L'Ancien Testament,The Old Testament,Jüdische Bibel,Tanach,Tanakh,Tenakh,Miqra,al-ʿAhd al-ʿatīq,Torah neviʾim ketuvim,Torah neviʾim u-ketuvim,Sefer Torah neviʾim ketuvim,Tôrā nĕvîʾîm û-ḵtûvîm,Die Israelitische Bibel,The Hebrew Bible,Kyûyaku Seisho,Tèstamènt bieu,Antiguo Testamento,Nnom Elat,Bible,O.T.,Bible,Old Testament,תנ"ך,תנך , Bible for Today's Family,Contemporary English version bible,CEV,New International Reader's,NIrV,NIV,N.I.V.,New International Version Bible,English Standard Version,ESV,ESV Bible,Holy Bible, English Standard Version,Schlachter-Bibel,Schlachterbibel,Zürcher Bibel,Bibel,Handschrift,Arras,Bibliothèque Municipale,Ms. 559,Saint-Vaast Bible,Vatopediu,Athos, Bibliothek,Cod. 1582,Bibbia di Ripoll,Ripoll Bibel,La bible nouvellement translatée avec annotations,Bibel,Althochdeutsch,Glosse,Basel,Universitätsbibliothek,Cod. N I 3 Nr. 97a,Bibelglossatur M,Basel,Universitätsbibliothek,Cod. N I 3 Nr. 97a,Bibel,Handschrift,Breslau,Universitätsbibliothek,Ms. M 1106,Bibel,Bibel,Bibel,Bibel,Bibel,Bibel,Bibel in gerechter Sprache,Itala,Bibel,Bibel,Bibel,Bibel,King James Version,Authorized Version,Authorised Version,KJV,KJB,King James Bible,King-James-Bibel,Zwingli-Bibel,Zwinglibibel,Zürcher Bibelübersetzung,Bibel,Neues Testament,Einheitsübersetzung,Einheitsübersetzung der Heiligen Schrift,Biblia,Heilige Schrift,Bible,Die Bibel,Die Heilige Schrift,La Sainte Bible,La Soncha Scrittüra,Biblia Sacra,La Bible,The Holy Bible,Sveto pismo Staroga i Novoga zaveta,Biblia święta,Biblí svatá,Biblija,La Sacra Bibbia,La Santa Biblia,Die Heiligen Schriften des Alten und Neuen Bundes,Die Heiligen Schriften,Die gantze Heilige Schrifft Deudsch,Die ganze Heilige Schrifft,Kitāb-i muqaddas,al- Kitab al-muqaddas,Seisho,Müqäddäs kitab,Beibel,Bībele,Lutherbibel,Luther-Bibel,Biblia, das ist, die gantze heilige Schrifft Deudsch , Christliche Theologie , Bibelauslegung,Bibelexegese,Biblische Auslegung,Bibelinterpretation,Biblische Exegese,Schriftauslegung